[Event "La Roda op 49th"]
[Site "La Roda"]
[Date "2023.04.06"]
[Round "2"]
[White "Aravindh, Chithambaram VR"]
[Black "Halmeenmaki, Tuomo"]
[Result "1-0"]
[WhiteElo "2607"]
[BlackElo "2114"]
[PlyCount "65"]
[EventDate "2023.04.05"]
[EventType "swiss"]
[EventRounds "9"]
[EventCountry "ESP"]
[SourceTitle "CBM 213 Extra"]
[Source "ChessBase"]
[SourceDate "2023.05.31"]
[SourceVersion "1"]
[SourceVersionDate "2023.05.31"]
[SourceQuality "1"]

1. Nf3 Nf6 2. d4 g6 3. g3 Bg7 4. Bg2 0-0 5. 0-0 d6 6. Nc3 Nbd7 7. a4 a5 8. b3 c6 9. Ba3 Qc7 10. e4 Re8 11. Qd2 Bf8 12. Rfe1 e5 13. Rad1 Rb8 14. Qd3 Be7 15. h3 Nf8 16. Bb2 N8d7 17. g4 h6 18. Bc1 Bf8 19. Be3 Bg7 20. Qd2 Kh7 21. g5 hxg5 22. Nxg5+ Kg8 23. f4 Nh7 24. Nxh7 Kxh7 25. Qf2 exd4 26. Bxd4 Bxd4 27. Rxd4 Nf8 28. Red1 Re6 29. f5 Rf6 30. Qg3 Qb6 31. Kh2 gxf5 32. exf5 Bxf5 33. Rh4+ 1-0

[Event "EU-ch Online U2300 Qual"]
[Site "Chess.com INT"]
[Date "2020.05.25"]
[Round "7"]
[White "Halmeenmaki, Tuomo"]
[Black "Pavlidis, Anastasios"]
[Result "0-1"]
[WhiteElo "2132"]
[BlackElo "2333"]
[PlyCount "110"]
[EventDate "2020.05.25"]
[EventType "swiss"]
[EventRounds "8"]
[EventCountry "NET"]
[SourceTitle "EXT 2021"]
[Source "ChessBase"]
[SourceDate "2020.10.23"]
[SourceVersion "1"]
[SourceVersionDate "2020.10.23"]
[SourceQuality "1"]

1. b3 Nf6 2. Bb2 d5 3. e3 Nbd7 4. f4 c5 5. Nf3 e6 6. Be2 Be7 7. 0-0 0-0 8. Qe1 Ne8 9. d3 Bf6 10. Ne5 Qc7 11. Qg3 Nd6 12. Bg4 b5 13. Nd2 c4 14. Bd4 Bxe5 15. fxe5 Ne8 16. Rac1 Nb6 17. Nf3 f5 18. Bh5 g6 19. Ng5 Qg7 20. Be2 h6 21. Nf3 Ba6 22. Bc5 Rf7 23. Nd4 Nc7 24. Bd6 Re8 25. b4 Nc8 26. Bc5 Bb7 27. Nf3 Na6 28. d4 g5 29. c3 Bc6 30. Bd1 Nb6 31. Bc2 Nd7 32. Ra1 g4 33. Nh4 Naxc5 34. bxc5 a5 35. Rfb1 Rb8 36. a3 Qg5 37. Qf2 Nf8 38. g3 h5 39. Ng2 Ng6 40. Nf4 Nxf4 41. Qxf4 Qxf4 42. exf4 Rfb7 43. Kf2 Kf7 44. Ke3 Ke8 45. Rb2 b4 46. axb4 axb4 47. cxb4 Rxb4 48. Rxb4 Rxb4 49. Ra6 Kd7 50. Ra7+ Kc8 51. Rh7 Rb2 52. Bd1 c3 53. Rxh5 Rd2 54. Bb3 Bb5 55. Rh7 Re2# 0-1

[Event "FIN-chT 1920"]
[Site "Finland"]
[Date "2020.02.09"]
[Round "8.4"]
[White "Halmeenmaki, Tuomo"]
[Black "Pollari, Pasi"]
[Result "0-1"]
[WhiteElo "2211"]
[BlackElo "2153"]
[PlyCount "72"]
[EventDate "2019.09.14"]
[EventType "team-tourn"]
[EventRounds "11"]
[EventCountry "FIN"]
[SourceTitle "CBM 195 Extra"]
[Source "ChessBase"]
[SourceDate "2020.05.31"]
[SourceVersion "1"]
[SourceVersionDate "2020.05.31"]
[SourceQuality "1"]
[WhiteTeam "Helsinki Aatos"]
[BlackTeam "Helsinki HSK"]
[WhiteTeamCountry "FIN"]
[BlackTeamCountry "FIN"]

1. c4 Nf6 2. Nc3 e6 3. Nf3 b6 4. e3 Bb4 5. Qc2 Bb7 6. a3 Bxc3 7. Qxc3 0-0 8. b3 Ne4 9. Qc2 d5 10. Bb2 Nd7 11. d3 Ng5 12. Qc3 Nxf3+ 13. gxf3 f6 14. Be2 c5 15. Rg1 Qc7 16. Rg3 e5 17. 0-0-0 d4 18. Qd2 Kh8 19. Rdg1 Rf7 20. Bf1 b5 21. Bh3 Nf8 22. Bf5 a5 23. Qc2 g6 24. cxb5 a4 25. Qc4 axb3 26. Kb1 Rg7 27. Qxb3 Qb6 28. Be4 Ra5 29. a4 Bxe4 30. fxe4 Rga7 31. f4 Rxa4 32. fxe5 Rb4 33. Qd5 Qa5 34. Kc1 Rxb2 35. Kxb2 Qc3+ 36. Kb1 Ra1# 0-1

[Event "FIN-chT 1819"]
[Site "Finland"]
[Date "2018.11.11"]
[Round "4.6"]
[White "Halmeenmaki, Tuomo"]
[Black "Nokka, Risto"]
[Result "1/2-1/2"]
[WhiteElo "2177"]
[BlackElo "2197"]
[PlyCount "46"]
[EventDate "2018.09.15"]
[EventType "team-tourn"]
[EventRounds "11"]
[EventCountry "FIN"]
[SourceTitle "CBM 187 Extra"]
[Source "ChessBase"]
[SourceDate "2018.11.04"]
[SourceVersion "1"]
[SourceVersionDate "2018.11.04"]
[SourceQuality "1"]
[WhiteTeam "Helsinki Aatos"]
[BlackTeam "Joensuu SK"]
[WhiteTeamCountry "FIN"]
[BlackTeamCountry "FIN"]

1. Nf3 Nf6 2. g3 g6 3. Bg2 Bg7 4. 0-0 0-0 5. d3 d6 6. e4 e5 7. a4 Re8 8. Nbd2 Nc6 9. c3 d5 10. exd5 Nxd5 11. Nc4 Nb6 12. Ne3 a5 13. Qc2 Be6 14. Nd2 Qe7 15. Ndc4 Nxc4 16. dxc4 Qc5 17. b3 e4 18. Bxe4 Qe5 19. Nd5 Bh3 20. Bg2 Bf5 21. Qd1 Qd6 22. Bf4 Ne5 23. Re1 Rad8 1/2-1/2

[Event "EU-Cup 34th"]
[Site "Porto Carras"]
[Date "2018.10.18"]
[Round "7.4"]
[White "Halmeenmaki, Tuomo"]
[Black "Omorjan, Dejan"]
[Result "1/2-1/2"]
[WhiteElo "2177"]
[BlackElo "2249"]
[PlyCount "146"]
[EventDate "2018.10.12"]
[EventType "team-swiss"]
[EventRounds "7"]
[EventCountry "GRE"]
[SourceTitle "CBM 187"]
[Source "ChessBase"]
[SourceDate "2018.12.11"]
[SourceVersion "1"]
[SourceVersionDate "2018.12.11"]
[SourceQuality "1"]
[WhiteTeam "Aatos"]
[BlackTeam "Partizan"]
[WhiteTeamCountry "FIN"]
[BlackTeamCountry "SRB"]

1. Nf3 c5 2. g3 g6 3. Bg2 Bg7 4. 0-0 Nc6 5. d3 e5 6. e4 Nge7 7. c3 0-0 8. a3 d6 9. b4 a6 10. Nbd2 h6 11. Rb1 Be6 12. Qe2 cxb4 13. axb4 b5 14. Nb3 Qe8 15. Nh4 Rc8 16. Bd2 g5 17. Nf3 f6 18. Rb2 Qf7 19. Rfb1 f5 20. exf5 Bxf5 21. Ne1 Be6 22. Nc2 Nd5 23. Be1 Nb6 24. Nca1 Na4 25. Rc2 Ne7 26. Na5 Rc7 27. c4 Rfc8 28. Rbc1 e4 29. Bxe4 Bxa1 30. Rxa1 d5 31. Bg2 Bf5 32. c5 Ng6 33. Qf3 d4 34. Qd5 Be6 35. Qf3 Qg7 36. Qe2 Bf7 37. Be4 Re8 38. Qf1 Rxe4 39. dxe4 g4 40. f4 gxf3 41. Qxf3 Ne5 42. Qf5 Bg6 43. Qe6+ Kh7 44. Rf2 Re7 45. Qf6 Bxe4 46. Qxg7+ Kxg7 47. Rf4 Nf3+ 48. Kf2 Ng5 49. Rg4 Rf7+ 50. Rf4 Nh3+ 51. Ke2 Nxf4+ 52. gxf4 Rxf4 53. Bg3 Nc3+ 54. Ke1 Rf3 55. Be5+ Kf7 56. Bxd4 Nd5 57. Be5 Nxb4 58. Ke2 Ke6 59. Bg3 Nd5 60. c6 Nc3+ 61. Kd2 Rd3+ 62. Ke1 Re3+ 63. Kd2 Rd3+ 64. Ke1 Nd5 65. Nb7 Re3+ 66. Kd2 Rd3+ 67. Ke1 Re3+ 68. Kd2 Rc3 69. Rxa6 Rc2+ 70. Ke1 Rc1+ 71. Kd2 Rc2+ 72. Ke1 Rc1+ 73. Kd2 Rc2+ 1/2-1/2

[Event "EU-Cup 34th"]
[Site "Porto Carras"]
[Date "2018.10.14"]
[Round "3.4"]
[White "Halmeenmaki, Tuomo"]
[Black "Yuffa, Daniil"]
[Result "0-1"]
[WhiteElo "2177"]
[BlackElo "2563"]
[PlyCount "76"]
[EventDate "2018.10.12"]
[EventType "team-swiss"]
[EventRounds "7"]
[EventCountry "GRE"]
[SourceTitle "CBM 187"]
[Source "ChessBase"]
[SourceDate "2018.12.11"]
[SourceVersion "1"]
[SourceVersionDate "2018.12.11"]
[SourceQuality "1"]
[WhiteTeam "Aatos"]
[BlackTeam "Molodezhka"]
[WhiteTeamCountry "FIN"]
[BlackTeamCountry "RUS"]

1. Nf3 g6 2. g3 Bg7 3. Bg2 c5 4. 0-0 Nc6 5. d3 Nf6 6. e4 d6 7. c3 0-0 8. Re1 Bg4 9. h3 Bxf3 10. Qxf3 Qc7 11. Qe2 b5 12. Be3 Nd7 13. Nd2 b4 14. Rec1 Rab8 15. d4 bxc3 16. bxc3 Rb2 17. Qd3 Na5 18. Nc4 Nxc4 19. Qxc4 Qa5 20. Bf1 Nb6 21. Qa6 Qxa6 22. Bxa6 Na4 23. e5 cxd4 24. cxd4 dxe5 25. dxe5 Bxe5 26. Bxa7 Nc3 27. Re1 Ra8 28. Rxe5 Rxa7 29. Bc4 Ra4 30. Rc5 Ne4 31. Rb5 Rxf2 32. Bb3 Rd4 33. Re1 Rf3 34. Bd5 Rxg3+ 35. Kh2 Rd2+ 36. Kh1 Rxh3+ 37. Kg1 Rg3+ 38. Kh1 Nd6 0-1

[Event "Naantali Avoin op"]
[Site "Naantali"]
[Date "2018.07.02"]
[Round "1"]
[White "Patola, Eero"]
[Black "Halmeenmaki, Tuomo"]
[Result "0-1"]
[WhiteElo "1852"]
[BlackElo "2176"]
[PlyCount "48"]
[EventDate "2018.07.02"]
[EventType "swiss"]
[EventRounds "9"]
[EventCountry "FIN"]
[SourceTitle "EXT 2019"]
[Source "ChessBase"]
[SourceDate "2018.10.10"]
[SourceVersion "1"]
[SourceVersionDate "2018.10.10"]
[SourceQuality "1"]

1. e4 d6 2. c4 Nf6 3. Nc3 g6 4. g3 Bg7 5. Bg2 0-0 6. Nge2 e5 7. d3 c6 8. h3 a6 9. Rb1 b5 10. b4 Be6 11. cxb5 axb5 12. a3 Qd7 13. g4 h5 14. g5 Nh7 15. d4 exd4 16. Nxd4 Bc4 17. Nce2 c5 18. Nb3 cxb4 19. axb4 Ra2 20. Nd2 Bd3 21. Qb3 Bxb1 22. Nxb1 Qe6 23. Qd3 Rc8 24. 0-0 Qc4 0-1

[Event "FIN-chT 1516"]
[Site "Finland"]
[Date "2015.11.07"]
[Round "5.3"]
[White "Halmeenmaki, Tuomo"]
[Black "Westerinen, Heikki MJ"]
[Result "0-1"]
[WhiteElo "2146"]
[BlackElo "2316"]
[PlyCount "92"]
[EventDate "2015.09.12"]
[EventType "team-tourn"]
[EventRounds "11"]
[EventCountry "FIN"]
[SourceTitle "EXT 2017"]
[Source "ChessBase"]
[SourceDate "2016.10.25"]
[SourceVersion "1"]
[SourceVersionDate "2016.10.25"]
[SourceQuality "1"]
[WhiteTeam "Helsinki Aatos"]
[BlackTeam "Salo SalSK"]
[WhiteTeamCountry "FIN"]
[BlackTeamCountry "FIN"]

1. Nf3 Nf6 2. g3 g6 3. Bg2 Bg7 4. 0-0 0-0 5. d3 d5 6. Nbd2 Nc6 7. e4 dxe4 8. dxe4 Nd4 9. Nxd4 Qxd4 10. Nb3 Qxd1 11. Rxd1 e5 12. f3 b6 13. Be3 Bb7 14. Bf1 Rfd8 15. a4 a5 16. Bb5 Ne8 17. c4 c5 18. Bxc5 bxc5 19. Nxc5 Nd6 20. Rxd6 Rxd6 21. Nxb7 Rd2 22. c5 Bh6 23. Re1 Rxb2 24. c6 Rc2 25. h3 Bd2 26. Re2 Rc1+ 27. Kg2 Bb4 28. f4 f6 29. Kf3 Kf7 30. Re3 Ke7 31. Rd3 Rc3 32. Ke2 Rxd3 33. Kxd3 exf4 34. gxf4 g5 35. fxg5 fxg5 36. e5 h5 37. Ke4 Rf8 38. Kd5 g4 39. hxg4 hxg4 40. Bd3 g3 41. Be4 Rf2 42. e6 g2 43. c7 g1Q 44. c8Q Qd1+ 45. Ke5 Bd6+ 46. Nxd6 Qxd6# 0-1

[Event "Helsinki Rapid SM"]
[Site "Helsinki"]
[Date "2015.10.31"]
[Round "2.1"]
[White "Halmeenmaki, Tuomo"]
[Black "Jarvenpaa, Jari"]
[Result "0-1"]
[WhiteElo "2151"]
[BlackElo "2302"]
[PlyCount "88"]
[EventDate "2015.10.31"]
[EventType "swiss (rapid)"]
[EventRounds "7"]
[EventCountry "FIN"]
[SourceTitle "EXT 2022"]
[Source "ChessBase"]
[SourceDate "2021.10.06"]
[SourceVersion "1"]
[SourceVersionDate "2021.10.06"]
[SourceQuality "1"]

1. Nf3 d5 2. g3 c6 3. Bg2 Bg4 4. 0-0 Nd7 5. d3 Ngf6 6. Qe1 e5 7. e4 dxe4 8. dxe4 Bc5 9. Nbd2 0-0 10. Nc4 Re8 11. Ne3 Qb6 12. h3 Bxf3 13. Bxf3 Rad8 14. Qe2 Qb5 15. Qxb5 cxb5 16. a4 b4 17. Nc4 Rc8 18. Be3 Bxe3 19. Nxe3 Nc5 20. Rfe1 Ncxe4 21. Bxe4 Nxe4 22. Nf5 Nd2 23. Nd6 Nf3+ 24. Kf1 Nxe1 25. Rxe1 f6 26. Re4 a5 27. Nxe8 Rxe8 28. Rc4 b6 29. Ke2 Kf7 30. Rc7+ Re7 31. Rc6 Re6 32. Rc7+ Kg6 33. Ke3 Rd6 34. Ke2 f5 35. f3 Kf6 36. h4 h6 37. Rb7 g5 38. h5 g4 39. f4 exf4 40. gxf4 Rc6 41. c3 bxc3 42. bxc3 Ke6 43. Rg7 Kd5 44. Re7 Re6+ 0-1

[Event "Helsinki Rapid SM"]
[Site "Helsinki"]
[Date "2015.10.31"]
[Round "4.7"]
[White "Tuovinen, Jukka"]
[Black "Halmeenmaki, Tuomo"]
[Result "0-1"]
[WhiteElo "2023"]
[BlackElo "2151"]
[PlyCount "130"]
[EventDate "2015.10.31"]
[EventType "swiss (rapid)"]
[EventRounds "7"]
[EventCountry "FIN"]
[SourceTitle "EXT 2022"]
[Source "ChessBase"]
[SourceDate "2021.10.06"]
[SourceVersion "1"]
[SourceVersionDate "2021.10.06"]
[SourceQuality "1"]

1. e4 d6 2. d4 Nf6 3. Nc3 g6 4. Nf3 Bg7 5. h3 0-0 6. Be3 c6 7. a4 Qc7 8. Be2 e5 9. dxe5 dxe5 10. Bc4 Nbd7 11. 0-0 Re8 12. a5 Nf8 13. Ng5 Ne6 14. Nxe6 Bxe6 15. Bxe6 Rxe6 16. Qe2 Bf8 17. Qc4 Qe7 18. b3 Qb4 19. Ra4 Qxc4 20. Rxc4 Ne8 21. Rd1 Rd6 22. Rxd6 Nxd6 23. Ra4 f6 24. f3 Kf7 25. Kf2 Ke6 26. Ke2 Be7 27. Nd1 Nb5 28. Rc4 Bd8 29. b4 Be7 30. Bc5 Bxc5 31. Rxc5 Nd4+ 32. Ke3 b6 33. Rc4 Kd6 34. Nb2 bxa5 35. bxa5 Rb8 36. Nd3 Rb5 37. c3 Nc2+ 38. Kd2 Na3 39. Ra4 Rxa5 40. Rb4 Nb5 41. c4 Nd4 42. Rb7 Ra2+ 43. Kc1 a5 44. Rxh7 Rxg2 45. Rf7 Ke6 46. Ra7 Nb3+ 47. Kb1 Rd2 48. Nb2 Rf2 49. c5 Nxc5 50. Rxa5 Nb3 51. Ra6 Nd4 52. Nd3 Rxf3 53. Nc5+ Kd6 54. Nb7+ Kc7 55. Na5 Rxh3 56. Nc4 Nb5 57. Ra8 g5 58. Rf8 Rf3 59. Rf7+ Kd8 60. Nxe5 Rb3+ 61. Ka2 Ra3+ 62. Kb2 fxe5 63. Rf5 Rg3 64. Rxe5 Nd6 65. Re6 Kd7 0-1